Le joueur africain le mieux classé par édition du Ballon d'Or - Statistiques

Statistiques générales
  • Ce quiz a été pris 110 fois
  • Le résultat moyen est 21 sur 26
Statistiques - réponses
Années Classement Pays Postes Joueurs % Correct
2025 4 Egypte A Mohamed Salah
99%
2021 7 Egypte A Mohamed Salah
99%
2018 6 Egypte A Mohamed Salah
99%
2022 2 Sénégal A Sadio Mané
99%
2019 4 Sénégal A Sadio Mané
99%
2011 8 Cameroun A Samuel Eto'o
96%
2009 5 Cameroun A Samuel Eto'o
96%
2006 6 Cameroun A Samuel Eto'o
96%
2005 10 Cameroun A Samuel Eto'o
96%
2004 15 Cameroun A Samuel Eto'o
96%
2012 8 Côte d'Ivoire A Didier Drogba
95%
2010 9 Côte d'Ivoire A Didier Drogba
95%
2007 4 Côte d'Ivoire A Didier Drogba
95%
2017 21 Gabon A Pierre-Emerick Aubameyang
93%
2016 7 Algérie A Riyad Mahrez
92%
1995 1 Libéria A George Weah
91%
2023 8 Nigéria A Victor Osimhen
90%
2015 12 Côte d'Ivoire M/D Yaya Touré
86%
2014 14 Côte d'Ivoire M/D Yaya Touré
86%
2013 12 Côte d'Ivoire M/D Yaya Touré
86%
2024 14 Nigéria A Ademola Lookman
75%
2008 12 Togo A Emmanuel Adebayor
66%
2002 21 Sénégal A El Hadji Diouf
43%
1999 24 Nigéria A Nwanko Kanu
37%
1996 11 Nigéria A Nwanko Kanu
37%
1997 32 Nigéria A Victor Ikpeba
6%
Aucun quiz correspondant
Distribution des résultats
% des personnes avec chaque résultat
Percentile par nombre de réponses
Votre historique - résultats
Vous n’avez pas pris ce quiz